La política y el Estado moderno /
I tiakina i:
| Kaituhi matua: | |
|---|---|
| Ētahi atu kaituhi: | |
| Hōputu: | Pukapuka |
| Reo: | Pāniora |
| I whakaputaina: |
Barcelona, España :
Planeta,
1993, c1993
|
| Rangatū: | (Obras Maestras del Pensamiento Contemporáneo ;
34) |
| Ngā marau: | |
| Ngā Tūtohu: |
Kāore He Tūtohu, Me noho koe te mea tuatahi ki te tūtohu i tēnei pūkete!
|
MARC
| LEADER | 00000nam^a2200000^a^4500 | ||
|---|---|---|---|
| 001 | 000355630 | ||
| 005 | 20250521000000.0 | ||
| 009 | 20260310115210.721 | ||
| 020 | |a 84-395-2202-9 | ||
| 025 | |a Donación Juan Diego Castillo, 1 ejemplar | ||
| 037 | |a Acervo ITESO - Biblioteca | ||
| 041 | |a ESP | ||
| 082 | |a 146. 3223 |b GRA OBR POL | ||
| 100 | |a Gramsci, Antonio |e (autor) | ||
| 240 | 1 | 4 | |a [La política y el Estado moderno] |
| 245 | 1 | 3 | |a La política y el Estado moderno / |c A. Gramsci ; tr. por J. Solé Tura. |
| 264 | 4 | |a Barcelona, España : |b Planeta, |c 1993, c1993 | |
| 300 | |a 206 p. | ||
| 336 | |a texto |b txt |2 rdacontenido | ||
| 337 | |a sin mediación |b n |2 rdamedio | ||
| 338 | |a volumen |b nc |2 rdasoporte | ||
| 440 | 1 | |a (Obras Maestras del Pensamiento Contemporáneo ; |v 34) | |
| 501 | |a Encuadernación particular | ||
| 545 | 0 | |a Antonio Gramsci (1891-1937), teórico marxista y político italiano. Fundador del diario L'Ordine Nuovo. En 1924 ocupa el cargo de secretario general del Partido Comunista Italiano. Es detenido en 1926 y condenado a veinte años de prisión. Excarcelado sólo para ser internado en una clínica de Roma, donde murió. Durante su reclusión escribió diferentes ensayos que fueron agrupados bajo el título Cuadernos de la cárcel. Sus líneas de investigación giraron en torno al papel de los intelectuales, de la cultura popular, del aparato de estado y la hegemonía, y la función transformadora de la filosofía de la praxis. La presente obra reúne cinco de sus escritos que abordan la literatura popular y la lengua italiana. | |
| 562 | |a Falta cubierta | ||
| 649 | |a XX | ||
| 650 | |a Filósofos Italianos | ||
| 650 | |a Historiadores Italianos | ||
| 650 | |a Políticos Italianos | ||
| 650 | |a Politólogos Italianos | ||
| 650 | |a Partidos Políticos | ||
| 650 | |a Estado, El - |x Tema Principal | ||
| 650 | |a Materialismo Histórico y Dialéctico | ||
| 650 | |a Liberalismo | ||
| 650 | |a Comunismo | ||
| 650 | |a Marxismo - |x Tema Principal | ||
| 650 | |a Economía Liberal | ||
| 650 | |a Política - |x Teoría | ||
| 650 | |a Filosofía de la Praxis | ||
| 650 | |a Filosofía Política - |x Historia y Crítica | ||
| 650 | |a Filosofía Italiana - |x Historia y Crítica | ||
| 650 | |a Croce, Benedetto | ||
| 600 | |a Maquiavelo, Nicolás | ||
| 700 | |a Solé Tura, Jordi |e (traducción) | ||
| 910 | |a Fondo Castillo-Martínez | ||
| 920 | |a Impresos - Libros | ||
| 930 | |a Fondos Especiales | ||
| 905 | |a 127 | ||
| 901 | |a 0500248407 |b IT2 |c ESP |i D |u 20250521 | ||
| 902 | |a https://opac.biblio.iteso.mx/vufind/Record/000355630 | ||